000 01225cam a2200349 a 4500
001 EDZ0000159359
003 StDuBDS
005 20161031105249.0
006 m||||||||d||||||||
007 cr |||||||||||
008 130912s1997 cau fo| 001|0|eng d
020 _a9781452243672 (ebook) :
_cNo price
040 _aStDuBDS
_beng
_cStDuBDS
_epn
049 _aAlfaisal Main Library
050 0 _aGN345
_b.D46 1997
082 0 4 _a305.8001
_223
100 1 _aDenzin, Norman K.
245 1 0 _aInterpretive ethnography
_h[electronic resource] :
_bethnographic practices for the 21st century /
_cNorman K. Denzin.
260 _aThousand Oaks, Calif. :
_bSAGE,
_cc1997.
300 _a1 online resource (xxiv, 325 p.)
504 _aIncludes bibliographical references and index.
521 _aSpecialized.
588 _aDescription based on print version record.
650 0 _aEthnology
_xPhilosophy.
650 0 _aEthnology
_xAuthorship.
650 0 _aEthnology
_xMethodology.
655 7 _aElectronic books.
_2local
710 2 _aSage eBooks
776 0 8 _iPrint version :
_z9780803972988
856 4 0 _uhttp://ezproxy.alfaisal.edu/login?url=http://sk.sagepub.com/books/interpretive-ethnography
942 _2lcc
_cEBOOKS
999 _c482981
_d482981